01562agaaa2200277 45000010005000000030009000050050017000140070009000310080040000400400023000800410013001031000049001161300051001652450184002162500022004002600124004223000033005465080053005795200338006325380016009705460013009866500090009997000061010897000066011507000068012169223IT-RoPAU20220918181257.0d cvaizq50131s9999||||xx ||| | || ||und|| aIT-RoPAUcIT-RoPAU aITALIANO aDe Andreis LucagCodice regista SPICS: 27798 aQUOTIDIANO IN CLASSE (IL)-1-SOLTANTO UNA MODA? aQUOTIDIANO IN CLASSE (IL)-1-SOLTANTO UNA MODA?cProdotto da: Spa Diretto da: De Andreis LucapQUOTIDIANO IN CLASSE (IL)-1-SOLTANTO UNA MODA? (Rif. Codice opera principale : 79223) aEdizione Standard aROMA (ITALIA)bSAMPAOLO FILM AUDIOVISIVI / Distribuzione: MASTER VIDEOg"1977 (1° ed.: 1986 ; Ed. Lingua Orig.: 1977)" aVHSbsonoro, col.c17 minuti aSoggetto: Spinelli Anna Rita -- Tesorio Giuseppe aQUESTO CORTOMETRAGGIO ILLUSTRA L'IMPORTANZA DEL QUOTIDIANO COME NUOVO STRUMENTO DIDATTICO GIA' SPERIMENTATO IN MOLTE SCUOLE ITALIANE PUBBLICHE E PRIVATE IL NOTO LINGUISTA TULLIO DE MAURO SPIEGA FINALITA' METODO E RUOLO DELLALETTURA DEL GIORNALE FINESTRA SUL MONDO ATTUALE PROPONENDONE UN INSERIMENTO CORRETTO NEL PROGRAMMA SCOLASTICO aPAL, STEREO aITALIANO aDIDATTICOeTV-PROG. DIDATTICO/CULTURALI-DOCUMENTARI [VHS]xCodice MATERIA SPICS: 9962 aDe Andreis Luca e(regista)gCodice regista SPICS: 27798 aSpinelli Anna Rita e(soggetto)gCodice Soggetto SPICS: 25379 aTesorio Giuseppe e(soggetto)gCodice Soggetto 2° SPICS: 22432